| 000 -LEADER |
| fixed length control field |
00418nam a22001577a 4500 |
| 008 - FIXED-LENGTH DATA ELEMENTS--GENERAL INFORMATION |
| fixed length control field |
210217b ||||| |||| 00| 0 eng d |
| 082 00 - DEWEY DECIMAL CLASSIFICATION NUMBER |
| Classification number |
330.973 |
| Item number |
G148 |
| 100 ## - MAIN ENTRY--PERSONAL NAME |
| 9 (RLIN) |
4849 |
| Personal name |
Galbraith, J. K. |
| 245 10 - TITLE STATEMENT |
| Title |
(The) Affluent society |
| 250 ## - EDITION STATEMENT |
| Edition statement |
1st ed. |
| 260 ## - PUBLICATION, DISTRIBUTION, ETC. (IMPRINT) |
| Place of publication, distribution, etc |
Calcutta: |
| Name of publisher, distributor, etc |
Asia Publications |
| Date of publication, distribution, etc |
1958 |
| 300 ## - PHYSICAL DESCRIPTION |
| Extent |
xii, 288p. |
| 650 #0 - SUBJECT ADDED ENTRY--TOPICAL TERM |
| Topical term or geographic name as entry element |
Economics |
|
| Topical term or geographic name as entry element |
Economic History |
| 942 ## - ADDED ENTRY ELEMENTS (KOHA) |
| Item type |
Books |